000 00366 a2200169 4500
001 188380
020 _a978-85-08-11693-5
040 _cMagnum
100 _aSilveira, Maria José
240 1 0 _aAmizade improvável
_lpor
245 1 0 _aAmizade improvável
300 _a145
362 0 _a2008
440 1 _aÁtica
697 _aLITERATURA JUVENIL
942 _cBK
999 _c188380
_d188380